| 000 | 00768cam a22002533a 4500 | ||
|---|---|---|---|
| 001 | 19223 | ||
| 003 | PGUSA | ||
| 005 | 20140828083416.0 | ||
| 008 | 060909s2006||||xxu|||||s|||||000 1 eng d | ||
| 040 |
_aPGUSA _beng |
||
| 042 | _adc | ||
| 050 | 4 | _aPZ | |
| 050 | 4 | _aPS | |
| 100 | 1 |
_aMunroe, Kirk, _d1850-1930 |
|
| 245 | 1 | 0 |
_aAt War with Pontiac; Or, The Totem of the Bear : _bA Tale of Redcoat and Redskin _h[electronic resource] / _cKirk Munroe |
| 260 |
_bProject Gutenberg, _c2006 |
||
| 506 | _aPublic domain in the USA. | ||
| 516 | _aElectronic text | ||
| 653 | _aPontiac's Conspiracy, 1763-1765 -- Fiction | ||
| 700 | 1 |
_aFinnemore, Joseph, _d1860-1939 |
|
| 830 | 0 |
_aProject Gutenberg _v19223 |
|
| 856 | 4 | 0 | _uhttp://www.gutenberg.org/ebooks/19223 |
| 942 | _cEB | ||
| 999 |
_c248478 _d248478 |
||